| 000 | 00474nam a2200181Ia 4500 | ||
|---|---|---|---|
| 008 | 240925s9999 xx 000 0 und d | ||
| 020 | _a9694071771 | ||
| 082 | _a621.3133 HAS | ||
| 100 | _aHasan ,Muhammad Munir | ||
| 245 | 0 | _aFundamentals of Alternating Current | |
| 250 | _aNA | ||
| 260 |
_aKarachi: _bRoyal Books _c,1995. |
||
| 300 |
_aiii,253p. _bNA _fOriginal |
||
| 500 | _aIncludes Index | ||
| 600 | _aElectronic Engineering | ||
| 650 | _aTechnology | ||
| 942 | _cBK | ||
| 999 |
_c3233 _d3233 |
||